[Event "P-4208"]
[Site "IECC email"]
[Date "2006.08.13"]
[Round "?"]
[White "Servera, Jaime"]
[Black "Mauro, Danilo"]
[Result "1-0"]
[WhiteElo "1406"]
[BlackElo "1513"]
[PlyCount "81"]
[EventDate "2006.??.??"]
[EventType "tourn (corr)"]
[SourceTitle "Corr 2020"]
[Source "ChessBase"]
[SourceDate "2019.09.30"]
[SourceVersion "1"]
[SourceVersionDate "2019.09.30"]
[SourceQuality "1"]
[WhiteTeam "Spain"]
[BlackTeam "Italy"]
[WhiteTeamCountry "ESP"]
[BlackTeamCountry "ITA"]

1. d4 Nf6 2. c4 e6 3. Nf3 b6 4. Nc3 Bb7 5. e3 Bb4 6. Bd2 c5 7. Bd3 0-0 8. 0-0 d6 9. a3 Bxc3 10. Bxc3 Ne4 11. Bxe4 Bxe4 12. Nd2 Bb7 13. Qg4 cxd4 14. exd4 Nd7 15. d5 Nf6 16. Bxf6 Qxf6 17. Ne4 Qe7 18. Nc3 f5 19. Qe2 e5 20. f4 e4 21. Nb5 a6 22. Nd4 b5 23. b3 g6 24. Ne6 Rfc8 25. Rac1 a5 26. a4 bxc4 27. bxc4 Ba6 28. Rfd1 Qd7 29. Qa2 Rab8 30. c5 Qa7 31. Kh1 Qd7 32. c6 Qe7 33. Rb1 Re8 34. c7 Rxb1 35. Rxb1 Bc8 36. Rb8 Qf6 37. Qb1 h6 38. h3 Qe7 39. Qb5 Kh7 40. Qxa5 Rg8 41. Qc3 1-0

[Event "IECC O-2404"]
[Site "IECC email"]
[Date "2006.05.31"]
[Round "?"]
[White "Beatty, Vincent"]
[Black "Servera, Jaime"]
[Result "0-1"]
[WhiteElo "1218"]
[BlackElo "1300"]
[PlyCount "48"]
[EventDate "2006.??.??"]
[EventType "swiss (corr)"]
[EventRounds "2"]
[SourceTitle "Corr 2020"]
[Source "ChessBase"]
[SourceDate "2019.09.30"]
[SourceVersion "1"]
[SourceVersionDate "2019.09.30"]
[SourceQuality "1"]
[WhiteTeam "United States"]
[BlackTeam "Spain"]
[WhiteTeamCountry "USA"]
[BlackTeamCountry "ESP"]

1. e4 e5 2. Nf3 Nc6 3. Bb5 a6 4. Bxc6 dxc6 5. d4 exd4 6. Qxd4 Qxd4 7. Nxd4 Nf6 8. f3 Bc5 9. Be3 0-0 10. 0-0 Re8 11. Nd2 Nd5 12. Kf2 Nxe3 13. Kxe3 Be6 14. c3 Rad8 15. N2b3 Bb6 16. Kf4 Bc4 17. Rfe1 c5 18. Nf5 Bxb3 19. axb3 Rd2 20. Rad1 Rxb2 21. Rd7 Rxb3 22. Red1 Kf8 23. Rd8 g6 24. Ng7 Rxd8 0-1

[Event "IECC KO-2079"]
[Site "IECC email"]
[Date "2006.05.31"]
[Round "?"]
[White "Kinna, Michael"]
[Black "Servera, Jaime"]
[Result "0-1"]
[WhiteElo "1419"]
[BlackElo "1354"]
[PlyCount "116"]
[EventDate "2006.??.??"]
[EventType "match (corr)"]
[EventRounds "2"]
[SourceTitle "Corr 2020"]
[Source "ChessBase"]
[SourceDate "2019.09.30"]
[SourceVersion "1"]
[SourceVersionDate "2019.09.30"]
[SourceQuality "1"]
[WhiteTeam "Australia"]
[BlackTeam "Spain"]
[WhiteTeamCountry "AUS"]
[BlackTeamCountry "ESP"]

1. d4 Nf6 2. c4 e6 3. Nc3 Bb4 4. e3 0-0 5. Bd3 c5 6. Nf3 d5 7. 0-0 Nc6 8. a3 Bxc3 9. bxc3 b6 10. cxd5 exd5 11. Bb2 Ne4 12. c4 Be6 13. Qc2 f5 14. Rac1 dxc4 15. Bxc4 Bxc4 16. Qxc4+ Kh8 17. Rfd1 Na5 18. Qa2 c4 19. Ne5 b5 20. f3 Nf6 21. Bc3 Nd5 22. Bb4 Nxb4 23. axb4 Nb3 24. Rb1 a5 25. bxa5 Rxa5 26. Qc2 Qd5 27. Rb2 Ra4 28. g3 Ra7 29. Rdb1 g5 30. Kg2 g4 31. Rf1 Rg7 32. Kh1 gxf3 33. Qd1 f2+ 34. Qf3 Qxf3+ 35. Nxf3 Re7 36. Ne5 Ra7 37. Kg2 Ra3 38. Rc2 Na5 39. Kxf2 Nb7 40. Rb1 Nd6 41. Ke2 Rfa8 42. Nc6 Ra1 43. Rxa1 Rxa1 44. Nb4 Rb1 45. Nd5 b4 46. Ra2 Ne4 47. Ra8+ Kg7 48. Ra7+ Kh6 49. Ra6+ Kg5 50. Kf3 Rf1+ 51. Kg2 Rf2+ 52. Kh3 b3 53. Nf4 b2 54. Rb6 c3 55. Ne6+ Kf6 56. Nc5+ Ke7 57. Rb7+ Kd6 58. Nxe4+ fxe4 0-1

[Event "IECC CL6-2006.07 email"]
[Site "IECC email"]
[Date "2006.05.29"]
[Round "?"]
[White "Detain, Tom"]
[Black "Servera, Jaime"]
[Result "0-1"]
[WhiteElo "1240"]
[BlackElo "1313"]
[PlyCount "76"]
[EventDate "2006.??.??"]
[EventType "tourn (corr)"]
[EventRounds "4"]
[SourceTitle "Corr 2020"]
[Source "ChessBase"]
[SourceDate "2019.09.30"]
[SourceVersion "1"]
[SourceVersionDate "2019.09.30"]
[SourceQuality "1"]
[WhiteTeam "England"]
[BlackTeam "Spain"]
[WhiteTeamCountry "ENG"]
[BlackTeamCountry "ESP"]

1. c4 e5 2. Nc3 Nf6 3. g3 d5 4. cxd5 Nxd5 5. Bg2 Nxc3 6. bxc3 Nc6 7. e3 Bf5 8. Ne2 Qd7 9. 0-0 Bh3 10. d4 Bxg2 11. Kxg2 0-0-0 12. Qd3 h5 13. f3 h4 14. g4 Re8 15. h3 g6 16. e4 Bc5 17. Be3 f5 18. Rab1 fxe4 19. Qb5 exf3+ 20. Rxf3 Bb6 21. d5 e4 22. Rf6 Ne5 23. Bxb6 Qxb5 24. Rxb5 axb6 25. d6 c5 26. d7+ Nxd7 27. Rxg6 Rhf8 28. Rb1 Rf3 29. Re1 Ne5 30. Rd6 Nd3 31. Rb1 Rf2+ 32. Kg1 Rxe2 33. Rdxb6 Rf8 34. Rxb7 Rf3 35. Rb8+ Kc7 36. R8b7+ Kc6 37. a4 Rg3+ 38. Kh1 Nf2+ 0-1

[Event "IECC CL6-2006.07 email"]
[Site "IECC email"]
[Date "2006.05.29"]
[Round "?"]
[White "Kulkarni, Samir"]
[Black "Servera, Jaime"]
[Result "1-0"]
[WhiteElo "1353"]
[BlackElo "1344"]
[PlyCount "131"]
[EventDate "2006.??.??"]
[EventType "tourn (corr)"]
[EventRounds "4"]
[SourceTitle "Corr 2015"]
[Source "ChessBase"]
[SourceDate "2015.07.17"]
[SourceVersion "1"]
[SourceVersionDate "2015.07.17"]
[SourceQuality "1"]
[WhiteTeam "India"]
[BlackTeam "Spain"]
[WhiteTeamCountry "IND"]
[BlackTeamCountry "ESP"]

1. d4 Nf6 2. Nf3 d5 3. e3 e6 4. Bd3 Nc6 5. 0-0 Be7 6. Nc3 0-0 7. Bd2 Ng4 8. h3 Nf6 9. Re1 Rb8 10. a3 b6 11. b4 Bb7 12. Qe2 Rc8 13. b5 Nb8 14. e4 dxe4 15. Nxe4 c5 16. dxc5 Bxe4 17. Bxe4 Bxc5 18. Bd3 Nbd7 19. a4 Re8 20. a5 e5 21. Ra4 bxa5 22. Bxa5 Bb6 23. Bxb6 axb6 24. Bc4 h6 25. Rea1 e4 26. Nh4 Qc7 27. Nf5 Qc5 28. Ne3 Ne5 29. Bb3 Rcd8 30. Nf1 Ng6 31. Ra7 Re7 32. Rxe7 Qxe7 33. Qe3 Qc7 34. Ng3 Qb7 35. Re1 Re8 36. Qd4 Qc7 37. Nxe4 Nxe4 38. Rxe4 Rd8 39. Qa1 Qc5 40. Qf1 Qf5 41. Qe2 Qd7 42. g3 Qd1+ 43. Qxd1 Rxd1+ 44. Kg2 Kf8 45. Kf3 Ne7 46. Ra4 Nc8 47. Ra8 Rd8 48. Rb8 Re8 49. c3 g6 50. Bd5 Ne7 51. Rxe8+ Kxe8 52. Ke4 f6 53. Be6 Kd8 54. f4 Kc7 55. g4 Kd6 56. f5 g5 57. Kd4 Kc7 58. c4 Kd6 59. c5+ bxc5+ 60. Kc4 Nc6 61. bxc6 Kxc6 62. Bd5+ Kd6 63. Bg2 Kc7 64. Kxc5 Kd7 65. Bc6+ Ke7 66. Kd5 1-0